|
|
|
|
| LEADER |
00995nam a2200313 a 4500 |
| 001 |
000191528 |
| 003 |
CZ BrMZK |
| 005 |
20130307080823.0 |
| 007 |
ta |
| 008 |
010907s1997 xr g f cze d |
| 015 |
|
|
|a cnb000211991
|
| 020 |
|
|
|a 80-7191-198-4
|
| 035 |
|
|
|a (OCoLC)37962052
|
| 040 |
|
|
|a BOA001
|b cze
|
| 080 |
|
|
|a 821.111(73)-31
|2 MRF
|
| 080 |
|
|
|a (0:82-312.9)
|2 MRF
|
| 100 |
1 |
|
|a Jordan, Robert,
|d 1948-2007
|7 jn20020422021
|4 aut
|
| 245 |
1 |
0 |
|a Conan ochránce /
|c Robert Jordan ; [z angličtiny přeložil Stanislav Plášil]
|
| 250 |
|
|
|a Vyd. 1.
|
| 260 |
|
|
|a Plzeň :
|b Mustang,
|c 1997
|
| 300 |
|
|
|a 228 s. ;
|c 18 cm
|
| 655 |
|
7 |
|a americké romány
|7 fd131796
|2 czenas
|
| 655 |
|
7 |
|a fantasy romány
|7 fd184199
|2 czenas
|
| 700 |
1 |
|
|a Plášil, Stanislav
|7 jx20031223008
|4 trl
|
| 765 |
0 |
|
|t Conan the defender
|
| 910 |
|
|
|a BOA001
|b 1-1033.804
|
| 990 |
|
|
|a BK
|
| 991 |
|
|
|f B-JOR
|
| 996 |
6 |
|
|b 2610053581
|c 1-1033.804
|l MZK
|r Sklad / do 1 hodiny
|n 9
|p p.v.
|w 000191528
|u 000010
|a 1
|e BOA001
|j MZK50
|s P
|